Największe Gminy w Polsce - Statystyki

Ogólne statystyki
  • Ten quiz został rozwiązany 25 razy
    23 od ostatniego zresetowania
  • Średni wynik to 3 z 20
Statystyki odpowiedzi
powierzchnia województwo gmina % Poprawnych
634 Warmińsko-Mazurskie Pisz
60%
575 Zachodniopomorskie Wałcz
45%
500 Zachodniopomorskie Szczecinek
40%
475 Podkarpackie Lutowiska
30%
479 Podkarpackie Ustrzyki Dolne
30%
484 Zachodniopomorskie Borne Sulinowo
20%
443 Zachodniopomorskie Goleniów
20%
456 Podkarpackie Komańcza
20%
424 Warmińsko-Mazurskie Iława
15%
428 Warmińsko-Mazurskie Bartoszyce
10%
420 Warmińsko-Mazurskie Biała Piska
10%
481 Zachodniopomorskie Kalisz Pomorski
10%
466 Pomorskie Miastko
10%
431 Podlaskie Bielsk Podlaski
5%
458 Pomorskie Chojnice
5%
436 Dolnośląskie Milicz
5%
438 Dolnośląskie Osiecznica
5%
416 Warmińsko-Mazurskie Górowo Iławeckie
0%
429 Podlaskie Gródek
0%
430 Wielkopolskie Wieleń
0%
Nie znaleziono quizów pasujących do podanych kryteriów
Rozkład punktacji
Procent ludzi z każdym wynikiem
Percentyl według liczby udzielonych odpowiedzi
Twoja historia wyników
Nie rozwiązałeś tego quizu od ostatniego zresetowania